000 00272nam a2200121Ia 4500
008 240624s9999 xx 000 0 und d
041 _aeng
082 _a823 STE
100 _aSTEEL DANIELLE
245 _aDUCHESS
260 _c2017
_aNew York
_bRandom House
365 _cRS
999 _c30217
_d30217